臺北城裡妖魔跋扈

資料類型: Book 圖書   書目號:49593

Leader xxxxxxxxxx
001 __ PCLIS00049593
005 __ 20220315133600.0
010 0_ |a978-986-91117-8-2|b平裝|dNT$350
100 __ |a20160421d2015    m  y0chiy09      e
101 0_ |achi
102 __ |atw
105 __ |aab  z   000ad
200 1_ |a臺北城裡妖魔跋扈|dThe murders in mandala|zeng|f瀟湘神,新日嵯峨子作
205 __ |a初版
210 __ |a臺北市|c奇異果文創出版|c紅螞蟻圖書總經銷|d2015[民104]
215 0_ |a382面|c圖,地圖|d21公分
225 1_ |a北地異|v1
225 1_ |a言語道斷之死系列
300 __ |a著者瀟湘神本名羅傳樵
300 __ |a本館最新館藏為2016年2刷
300 __ |a含附錄
510 1_ |aThe murders in mandala|zeng
517 1_ |a台北城裡妖魔跋扈|zchi
606 __ |2cst|a長篇小說
681 __ |a857.7|b8434
700 _0 |a瀟湘神|f1982- |4710 02 |a新日嵯峨子|4801 _0 |atw|b內湖高中|c20160421|gCCR
801 _2 |atw|b內湖高中|c20220315|gCCR
詳細館藏 1-2 筆 (共 2 筆)
索 書 號登 錄 號冊次號館別 / 館藏地流通類型狀態加入預約清單電子資源
857.7 / 8434 1023364  圖書館 / 一樓普通區 可外借30天 在館   
857.7 / 8434 1024015  圖書館 / 一樓普通區 可外借30天 在館   

| 條列資料




目錄查詢 分類查詢 個人資料 圖書薦購 新書查詢 閉館日 排行榜 更多電子資源 Hami書城 線上資料庫 登出

From : 216.73.217.52

  本日流通累計至 14:52:47 借閱 : 0 次 續借 : 0 次 歸還 : 0 次 預約 : 0 次 電子資源 : 0 次


內湖高中圖書館  PCLIS 版本  26.5.0.12